000 00925nas a2200289 4500
001 BR2014007027
003 BR-BrBNA
005 20231205124709.0
007 ta
008 230509b bl.|||p| |||| 00| 00por d
040 _aBR-BrBNA
_bpor
_cBiblioteca Nacional de Agricultura
041 _a(Pt)
072 _aP33
100 1 _aDemattê, J.A.M.
100 1 _aSilva, M.L. de S.
100 1 _aRocha, G.C.
100 1 _aCarvalho, L.A. de
100 1 _aFormaggio, A.R.
100 1 _aFirme, L.P.
245 1 _aVariações espectrais em solos submetidos à aplicação de torta de filtro
650 _aFÍSICA DO SOLO
650 _aSENSORIAMENTO REMOTO
773 0 _tRevista Brasileira de Ciência do Solo (Brazil)
_xISSN 0100-0683
_g(May-Jun 2005), v. 29(3) p. 317-326
_wBR2014007027
856 4 0 _uhttp://www.scielo.br/pdf/rbcs/v29n3/25731.pdf
909 _a202311
_bLúcia
_c55
_dLúcia Elande
942 _2AGRIS
_n0
_cANA
999 _c240432
_d240432